Ujme sa Starbucks na Slovensku?
Otvorenie Starbucks coffee v Bratislave. Ponuka rôznych druhov káv a relaxu. Značka postavená na zážitkovosti a skúsenosti. Plány mimo Bratislavy. Tajomstvo Starbucks. Personál aj suroviny sú dôležité. Zo Seattlu do sveta.
Gespeichert in:
| 1. Verfasser: | |
|---|---|
| Format: | Buchkapitel |
| Sprache: | Slowakisch |
| Schlagworte: | |
| Tags: |
Keine Tags, Fügen Sie das erste Tag hinzu!
|
MARC
| LEADER | 00000naa a2200000 4500 | ||
|---|---|---|---|
| 001 | 0222789 | ||
| 005 | 20231011130410.5 | ||
| 041 | 0 | |a slo | |
| 044 | |a SK | ||
| 245 | 1 | 0 | |a Ujme sa Starbucks na Slovensku? |c Slávka Habrmanová |
| 520 | |a Otvorenie Starbucks coffee v Bratislave. Ponuka rôznych druhov káv a relaxu. Značka postavená na zážitkovosti a skúsenosti. Plány mimo Bratislavy. Tajomstvo Starbucks. Personál aj suroviny sú dôležité. Zo Seattlu do sveta. | ||
| 610 | 2 | 0 | |a kaviarne |
| 610 | 2 | 0 | |a káva |
| 610 | 2 | 0 | |a podnikanie |
| 610 | 2 | 0 | |a značky |
| 610 | 2 | 0 | |a USA |
| 610 | 2 | 0 | |a Slovensko |
| 100 | 1 | |a Habrmanová, Slávka | |